| 000 | 00705nam#a22002415a#4500 | ||
|---|---|---|---|
| 001 | 2322 | ||
| 245 | 1 | 0 |
_aLucila se llama Gabriela / _cSonia Montecino Aguirre ; ilustraciones de Luis San Vicente. |
| 250 | _a1ª ed. | ||
| 260 |
_aSan Isidro, 2012 : _bMacmillán, _c2008. |
||
| 300 |
_a56 p. : _bil. col. ; _c21 cm. |
||
| 490 | 0 | _aLa máquina del tiempo. La otra escalera | |
| 020 | _a9789876721790 | ||
| 100 | 1 | _aMontecino Aguirre, Sonia. | |
| 700 | 1 |
_aSan Vicente Luis. _4ill |
|
| 080 | _a82-93 | ||
| 084 | _aM71 A31 | ||
| 653 | _aLiteratura infantil | ||
| 040 |
_aAR-ClEAG _cAR-ClEAG |
||
| 008 | 140527s2008####ag############000#0#und#d | ||
| 005 | 20241107184740.0 | ||
| 003 | AR-ClEAG | ||
| 942 | _cBK | ||
| 999 |
_c2322 _d2322 |
||
| 980 |
_62 _aEvangelina Gallicchio _82 _gEvangelina Gallicchio |
||